Индустрия 4.0; Информационные технологии в науке, управлении, социальной сфере и медицине; Ч. 2
| Parent link: | Информационные технологии в науке, управлении, социальной сфере и медицине: сборник научных трудов III Международной научной конференции, 23-26 мая 2016 г., Томск.— , 2016 Ч. 2.— 2016.— [С. 186-188] |
|---|---|
| Hlavní autor: | |
| Korporativní autor: | |
| Shrnutí: | Заглавие с титульного экрана Во всем мире традиционная обрабатывающая промышленность находится в процессе цифрового преобразования, которое вызвано стремительно растущими технологиями (например, роботы, автономные беспилотные летательные аппараты, 3D- печать). Компании и их производственные процессы должны подстроиться под эти быстрые изменения, если они не хотят отстать от развития их индустрии. Around the world, traditional manufacturing industry is in the throes of a digital transformation that is accelerated by exponentially growing technologies (e.g. intelligent robots, autonomous drones, sensors, 3D printing). Companies and their industrial processes need to adapt to this rapid change if they are not to be left behind by developments in their sector and by their competitors. |
| Jazyk: | ruština |
| Vydáno: |
2016
|
| Edice: | Информационные технологии и моделирование в управлении производственными системами и управлении персоналом |
| Témata: | |
| On-line přístup: | http://earchive.tpu.ru/handle/11683/31460 |
| Médium: | MixedMaterials Elektronický zdroj Kapitola |
| KOHA link: | https://koha.lib.tpu.ru/cgi-bin/koha/opac-detail.pl?biblionumber=619738 |
MARC
| LEADER | 00000naa2a2200000 4500 | ||
|---|---|---|---|
| 001 | 619738 | ||
| 005 | 20231101133057.0 | ||
| 035 | |a (RuTPU)RU\TPU\conf\18174 | ||
| 035 | |a RU\TPU\conf\18173 | ||
| 090 | |a 619738 | ||
| 100 | |a 20160830d2016 k y0rusy50 ca | ||
| 101 | 0 | |a rus | |
| 102 | |a RU | ||
| 105 | |a y z 101zy | ||
| 135 | |a drgn ---uucaa | ||
| 181 | 0 | |a i | |
| 182 | 0 | |a b | |
| 200 | 1 | |a Индустрия 4.0 |d Industry 4.0 |f А. В. Семес | |
| 203 | |a Текст |c электронный | ||
| 225 | 1 | |a Информационные технологии и моделирование в управлении производственными системами и управлении персоналом | |
| 230 | |a 1 компьютерный файл (pdf; 398 Kb) | ||
| 300 | |a Заглавие с титульного экрана | ||
| 320 | |a [Библиогр.: с. 188 (5 назв.)] | ||
| 330 | |a Во всем мире традиционная обрабатывающая промышленность находится в процессе цифрового преобразования, которое вызвано стремительно растущими технологиями (например, роботы, автономные беспилотные летательные аппараты, 3D- печать). Компании и их производственные процессы должны подстроиться под эти быстрые изменения, если они не хотят отстать от развития их индустрии. | ||
| 330 | |a Around the world, traditional manufacturing industry is in the throes of a digital transformation that is accelerated by exponentially growing technologies (e.g. intelligent robots, autonomous drones, sensors, 3D printing). Companies and their industrial processes need to adapt to this rapid change if they are not to be left behind by developments in their sector and by their competitors. | ||
| 461 | 1 | |0 (RuTPU)RU\TPU\conf\17281 |t Информационные технологии в науке, управлении, социальной сфере и медицине |o сборник научных трудов III Международной научной конференции, 23-26 мая 2016 г., Томск |o в 2 ч. |d 2016 | |
| 463 | 1 | |0 (RuTPU)RU\TPU\conf\17287 |t Ч. 2 |f Национальный исследовательский Томский политехнический университет (ТПУ) ; под ред. О. Г. Берестневой [и др.] |v [С. 186-188] |d 2016 | |
| 510 | 1 | |a Industry 4.0 |z eng | |
| 610 | 1 | |a труды учёных ТПУ | |
| 610 | 1 | |a электронные ресурсы | |
| 610 | 1 | |a промышленная революция | |
| 610 | 1 | |a вертикальная интеграция | |
| 610 | 1 | |a горизонтальная интеграция | |
| 610 | 1 | |a социальные системы | |
| 610 | 1 | |a автоматизация | |
| 700 | 1 | |a Семес |b А. В. | |
| 712 | 0 | 2 | |a Национальный исследовательский Томский политехнический университет (ТПУ) |c (2009- ) |2 stltpush |3 (RuTPU)RU\TPU\col\15902 |
| 801 | 2 | |a RU |b 63413507 |c 20160912 |g RCR | |
| 856 | 4 | |u http://earchive.tpu.ru/handle/11683/31460 | |
| 942 | |c BK | ||